Siirry sisältöön
VuFind
Kieli
English
Deutsch
Español
Français
Italiano
日本語
Nederlands
Português
Português (Brasil)
中文(简体)
中文(繁體)
Türkçe
עברית
Gaeilge
Cymraeg
Ελληνικά
Català
Euskara
Русский
Čeština
Suomi
Svenska
polski
Dansk
slovenščina
اللغة العربية
বাংলা
Galego
Tiếng Việt
Hrvatski
हिंदी
Kaikki kentät
Nimeke
Tekijä
Aihe
Hyllypaikka
ISBN/ISSN
Tagi
Hae
Tarkennettu
Poista rajaukset
Aihe-ehdotuksia:
Introduction to SQL
Poista rajaukset
Näytä rajaukset (1)
Aihe-ehdotuksia:
Introduction to SQL
Haku
Sedimentology and geochemistry
Sitaatti
Lähetä sähköpostilla
Tulosta
Vie tietue
Vienti: RefWorks
Vienti: EndNoteWeb
Vienti: EndNote
permanent_link
Lataa...
Sedimentology and geochemistry
Bibliografiset tiedot
Kieli:
English
Saatavuustiedot
Kuvaus
Samankaltaisia teoksia
Henkilökuntanäyttö
LEADER
00207nam a22000857a 4500
005
20151028162346.0
008
091121t xxu||||| |||| 00| 0 eng d
245
|a
Sedimentology and geochemistry
942
|c
BK
|6
_
999
|c
80669
|d
80669
Samankaltaisia teoksia
Geology of clays: weathering, sedimentology, geochemistry
Tekijä: Millot, Georges
Julkaistu: (1970)
Geology of clays: weathering, sedimentology, geochemistry
Tekijä: Millot, Georges
Julkaistu: (1970)
Sedimentology
Tekijä: Chamley, Herve
Julkaistu: (1990)
Sedimentology
Tekijä: Cojan, Isabella, et al.
Julkaistu: (2002)
Sedimentology
Tekijä: Chamley,Herve
Julkaistu: (1990)
Lataa...